Органическая химия (Запись № 11787970)
[ простой вид ]
| 000 -МАРКЕР | |
|---|---|
| контрольное поле | 01490nam1a2200289 i 4500 |
| 001 - ИДЕНТИФИКАТОР ЗАПИСИ | |
| контрольное поле | RU\NLR\BIBL_A\011783284 |
| 005 - ИДЕНТИФИКАТОР ВЕРСИИ | |
| контрольное поле | 20240921150324.0 |
| 010 ## - МЕЖДУНАРОДНЫЙ СТАНДАРТНЫЙ НОМЕР КНИГИ (ISBN) | |
| Номер (ISBN) | 9785001011743 |
| 035 ## - ДРУГИЕ СИСТЕМНЫЕ НОМЕРА | |
| Идентификатор записи | (NLR Aleph) 011783284 |
| 100 ## - ДАННЫЕ ОБЩЕЙ ОБРАБОТКИ | |
| Данные общей обработки | 20180906d2018 u y0rusy50 ca |
| 101 0# - ЯЗЫК РЕСУРСА | |
| Язык текста, звукозаписи и т.д. | русский |
| 102 ## - СТРАНА ПУБЛИКАЦИИ ИЛИ ПРОИЗВОДСТВА | |
| Страна публикации | Российская Федерация |
| 105 ## - ПОЛЕ КОДИРОВАННЫХ ДАННЫХ: ТЕКСТОВЫЕ МАТЕРИАЛЫ, МОНОГРАФИЧЕСКИЕ | |
| Кодированные данные о монографическом текстовом документе | ||||j|||||||| |
| 200 1# - ЗАГЛАВИЕ И СВЕДЕНИЯ ОБ ОТВЕТСТВЕННОСТИ | |
| Основное заглавие | Органическая химия |
| Сведения, относящиеся к заглавию | задачи по общему курсу с решениями |
| -- | учебное пособие для студентов высших учебных заведений, обучающихся по специальности ВПО 020101.65 "Химия" |
| -- | в двух частях |
| Первые сведения об ответственности | [М. В. Ливанцов и др.] |
| Последующие сведения об ответственности | под ред. акад. РАН Н.С. Зефирова |
| 205 ## - СВЕДЕНИЯ ОБ ИЗДАНИИ | |
| Сведения об издании | 3-е изд. |
| 210 ## - ПУБЛИКАЦИЯ, РАСПРОСТРАНЕНИЕ И ДР. | |
| Место издания, распространения и т.д. | Москва |
| Имя издателя, распространителя и т. д. | Лаборатория знаний |
| Дата издания, распространения и т.д. | 2018 (макет 2019) |
| 215 ## - ФИЗИЧЕСКАЯ ХАРАКТЕРИСТИКА | |
| Размеры | 24 |
| 225 1# - СЕРИЯ | |
| Основное заглавие серии | Учебник для высшей школы |
| 606 1# - НАИМЕНОВАНИЕ ТЕМЫ КАК ПРЕДМЕТ | |
| Наименование темы | Органическая химия |
| Формальный подзаголовок | Учебные издания для высших учебных заведений |
| Тематический подзаголовок | Задачи |
| -- | Решение |
| Системный номер авторитетной/нормативной записи | 1541014 |
| Идентификатор авторитетной/нормативной записи | RU\NLR\AUTH\66973087 |
| 686 1# - ИНДЕКСЫ ДРУГИХ КЛАССИФИКАЦИЙ | |
| Индекс | Г2я73-41 |
| 702 #1 - ИМЯ ЛИЦА - ВТОРИЧНАЯ ОТВЕТСТВЕННОСТЬ | |
| Начальный элемент ввода | Ливанцов |
| Часть имени, кроме начального элемента ввода | М. В. |
| Расширение инициалов личного имени | Михаил Васильевич |
| Код отношения | Составитель |
| 702 #1 - ИМЯ ЛИЦА - ВТОРИЧНАЯ ОТВЕТСТВЕННОСТЬ | |
| Начальный элемент ввода | Зефиров |
| Часть имени, кроме начального элемента ввода | Н. С. |
| Даты | 1935- |
| Расширение инициалов личного имени | Николай Серафимович |
| Код отношения | Редактор |
| 852 ## - МЕСТОНАХОЖДЕНИЕ И ШИФР ХРАНЕНИЯ | |
| Идентификатор организации | NLR |
| Шифр хранения (Call Number) | 2018-7/4759 |
| 942 ## - ДОПОЛНИТЕЛЬНЫЕ ЭЛЕМЕНТЫ ЗАПИСИ (АБИС) | |
| Тип экземпляра АБИС | Книга |
Нет доступных экземпляров.